[Event "Doeberl Cup Premier"]
[Site "Canberra AUS"]
[Date "2011.04.23"]
[Round "6.4"]
[White "Akshat,Kh"]
[Black "Smerdon,D"]
[Result "0-1"]
[WhiteTitle "FM"]
[BlackTitle "GM"]
[WhiteElo "2328"]
[BlackElo "2512"]
[WhiteFideId "5016541"]
[BlackFideId "3202305"]
[EventDate "2011.04.21"]
[EventType "swiss"]

1. d4 Nf6 2. c4 c5 3. d5 e5 4. Nc3 d6 5. e4 Nbd7 6. Bd3 Be7 7. Nge2 O-O 8. f3
Nh5 9. g4 Bh4+ 10. Kd2 Nf4 11. Nxf4 exf4 12. Kc2 Qf6 13. Qd2 Ne5 14. Rf1 g5 15.
b3 a6 16. a4 b6 17. Bb2 Bd7 18. a5 Rfb8 19. axb6 Rxb6 20. Na4 Rb7 21. Qc3 Rc8
22. Qa5 Rcb8 23. Qc3 Rc8 24. Qa5 Bxa4 25. Rxa4 Rcb8 26. Ra3 Rb6 27. Bxe5 Qxe5
28. Qc3 Qxc3+ 29. Kxc3 Kg7 30. e5 dxe5 31. Bc2 h5 32. h3 hxg4 33. hxg4 Rh6 34.
Ra5 Rc8 35. Kd3 Bg3 36. Rfa1 e4+ 37. fxe4 Rh3 38. Rxa6 Be1+ 39. Ke2 Re3+ 40. Kf1
Rh8 41. d6 Bg3 42. Ra8 Rh1+ 43. Kg2 Rh2+ 44. Kg1 f3 45. d7 Re1+ 0-1

[Event "Doeberl Cup Premier"]
[Site "Canberra AUS"]
[Date "2011.04.23"]
[Round "6.5"]
[White "Johansen,D"]
[Black "Morris,J"]
[Result "1-0"]
[WhiteTitle "GM"]
[BlackTitle "IM"]
[WhiteElo "2419"]
[BlackElo "2227"]
[WhiteFideId "3200035"]
[BlackFideId "3205800"]
[EventDate "2011.04.21"]
[EventType "swiss"]

1. c4 Nf6 2. Nc3 g6 3. e4 d6 4. d4 Bg7 5. Be2 O-O 6. Bg5 Na6 7. Qd2 c5 8. Nf3
cxd4 9. Nxd4 Qa5 10. Be3 Nc5 11. f3 Bd7 12. O-O Rfc8 13. Rab1 Ne6 14. Nc2 a6 15.
b4 Qd8 16. Nd5 Nxd5 17. exd5 Nf8 18. Nd4 e5 19. Nb3 Ba4 20. c5 Bxb3 21. Rxb3 a5
22. a3 axb4 23. axb4 Nd7 24. Rc1 Bf8 25. Rbc3 dxc5 26. bxc5 b6 27. c6 Nc5 28.
Rb1 Bd6 29. Rc2 Ra3 30. Rc3 Rca8 31. Rxa3 Rxa3 32. Bf2 e4 33. Qc1 Ra2 34. Rb2
Bf4 35. Qxf4 Rxb2 36. c7 Rb1+ 37. Bf1 Qc8 38. Qf6 Qxc7 39. Bd4 1-0

[Event "Doeberl Cup Premier"]
[Site "Canberra AUS"]
[Date "2011.04.23"]
[Round "6.6"]
[White "Ikeda,J"]
[Black "Goh Weiming"]
[Result "0-1"]
[WhiteTitle "FM"]
[BlackTitle "IM"]
[WhiteElo "2296"]
[BlackElo "2382"]
[WhiteFideId "3204731"]
[BlackFideId "5800706"]
[EventDate "2011.04.21"]
[EventType "swiss"]

1. e4 e6 2. d3 d5 3. Nd2 Nf6 4. Ngf3 Bc5 5. e5 Nfd7 6. d4 Be7 7. Bd3 c5 8. c3
Nc6 9. O-O a5 10. Re1 g5 11. dxc5 g4 12. Nd4 Ncxe5 13. Bb5 Qc7 14. N2b3 Kd8 15.
Ba4 Rg8 16. Kh1 Nxc5 17. Nb5 Qb8 18. Bf4 Ncd3 19. Bg3 f6 20. Rxe5 Nxe5 21. c4
Bd7 22. cxd5 Ra6 23. dxe6 Rxe6 24. Qd5 Rg5 25. Rd1 Ke8 26. Bxe5 Qxe5 27. Nc7+
Kf7 28. Bxd7 Qxd5 29. Bxe6+ Qxe6 30. Nxe6 Kxe6 31. a4 Rd5 32. Rxd5 Kxd5 33. Nxa5
b6 34. Nb3 Bb4 35. Na1 Kc4 36. Nc2 Bd2 37. h3 gxh3 38. gxh3 Kb3 39. Nd4+ Kxa4
40. Kg2 Bc1 41. b3+ Kb4 42. Ne6 Kxb3 43. Kf3 Bb2 44. Ke2 Kc2 45. Nc7 Be5 46. Nb5
Kb3 47. Kd3 Kb4 48. Na7 Kc5 49. Nc8 Bd6 50. Kc3 b5 51. Kb3 Bf8 0-1

[Event "Doeberl Cup Premier"]
[Site "Canberra AUS"]
[Date "2011.04.23"]
[Round "6.7"]
[White "Bliznyuk,A"]
[Black "Ly,Mo"]
[Result "0-1"]
[BlackTitle "FM"]
[WhiteElo "2196"]
[BlackElo "2381"]
[WhiteFideId "3202720"]
[BlackFideId "3204405"]
[EventDate "2011.04.21"]
[EventType "swiss"]

1. e4 c5 2. Nf3 d6 3. d4 cxd4 4. Nxd4 Nf6 5. Nc3 a6 6. Bc4 e6 7. a4 Be7 8. Ba2
Nc6 9. O-O O-O 10. Be3 Bd7 11. Qe2 Qb8 12. Nf3 b5 13. axb5 axb5 14. Nxb5 Nxe4
15. c4 Nc5 16. Rad1 Rxa2 17. Bxc5 dxc5 18. Rxd7 Bf6 19. Qe4 Ne5 20. Rb7 Qa8 21.
b3 Nxf3+ 22. Qxf3 Rb2 23. Nd6 Qa6 24. Ne4 Bd4 25. h3 h6 26. Rb5 Rc8 27. Qf4 f5
28. Nd6 Rf8 29. Nb7 Rxf2 30. Rxf2 Qa1+ 31. Kh2 Be5 32. Nxc5 Bxf4+ 33. Rxf4 Qe5
34. g3 Qe2+ 35. Kg1 Rd8 36. Rf1 Rd2 37. Rb8+ Kh7 0-1

[Event "Doeberl Cup Premier"]
[Site "Canberra AUS"]
[Date "2011.04.21"]
[Round "6.8"]
[White "Toth,And1"]
[Black "Dragicevic,Do"]
[Result "1-0"]
[WhiteTitle "IM"]
[WhiteElo "2378"]
[BlackElo "2194"]
[WhiteFideId "716405"]
[BlackFideId "3203328"]
[EventDate "2011.04.21"]
[EventType "swiss"]

1. d4 d5 2. c4 e6 3. Nf3 Nf6 4. Nc3 Bb4 5. e3 c5 6. Bd3 Nc6 7. O-O O-O 8. a3
Bxc3 9. bxc3 Re8 10. Qc2 Qc7 11. Bb2 Bd7 12. cxd5 exd5 13. c4 dxc4 14. Bxc4 cxd4
15. Ng5 Be6 16. Nxe6 fxe6 17. exd4 Rac8 18. Rac1 Qf4 19. Rfe1 Nd5 20. Rxe6 Rxe6
21. Bxd5 Qd6 22. Qb3 1-0

[Event "Doeberl Cup Premier"]
[Site "Canberra AUS"]
[Date "2011.04.21"]
[Round "6.9"]
[White "Cheng,Bo"]
[Black "Caoili,A"]
[Result "1-0"]
[WhiteTitle "FM"]
[BlackTitle "WIM"]
[WhiteElo "2345"]
[BlackElo "2247"]
[WhiteFideId "4300033"]
[BlackFideId "5201179"]
[EventDate "2011.04.21"]
[EventType "swiss"]

1. Nf3 f5 2. d3 Nf6 3. e4 fxe4 4. dxe4 Nxe4 5. Bd3 Nf6 6. Ng5 g6 7. Nxh7 Rxh7 8.
Bxg6+ Rf7 9. g4 e6 10. h4 Qe7 11. g5 Nd5 12. h5 Nc6 13. h6 Ne5 14. Bxf7+ Qxf7
15. h7 Nf3+ 16. Kf1 Bg7 17. h8=Q+ Bxh8 18. Rxh8+ Ke7 19. g6 Qf6 20. Rh7+ Kd6 21.
Nc3 Qxg6 22. Qxf3 Qxh7 23. Nxd5 exd5 24. Qf6+ Kc5 25. Be3+ Kb4 26. a3+ Ka5 27.
Bd2+ Kb5 28. a4+ Kc5 29. b4+ 1-0

[Event "Doeberl Cup Premier"]
[Site "Canberra AUS"]
[Date "2011.04.21"]
[Round "6.10"]
[White "Stojic,D"]
[Black "Morris,Mi2"]
[Result "1-0"]
[WhiteTitle "FM"]
[WhiteElo "2306"]
[BlackElo "2125"]
[WhiteFideId "3203689"]
[BlackFideId "3205819"]
[EventDate "2011.04.21"]
[EventType "swiss"]

1. e4 e6 2. d4 d5 3. e5 c5 4. c3 Nc6 5. Nf3 Qb6 6. a3 Nh6 7. b4 cxd4 8. Bxh6
gxh6 9. cxd4 Bd7 10. Nc3 Nxb4 11. axb4 Bxb4 12. Rc1 Rc8 13. Qb3 Qa5 14. Kd2 Ba4
15. Qb2 O-O 16. Bd3 Rc7 17. Ng1 Qb6 18. Qa1 Qxd4 19. Ne2 Qb6 20. Qxa4 d4 21. Qb5
dxc3+ 22. Kc2 Qxb5 23. Bxb5 Rc5 24. Bd3 a5 25. f4 Ba3 26. Rcf1 Bb2 27. Ng3 a4
28. Ne4 Rc7 29. Nf6+ Kh8 30. f5 Rd8 31. Rf4 Rxd3 32. Kxd3 c2 33. Rxa4 Rc8 34.
fxe6 fxe6 35. Rb4 Bxe5 36. Rc1 Bxf6 37. Rxc2 Rxc2 38. Kxc2 Kg7 39. Kd3 Kg6 40.
Ke4 h5 41. Rb6 Kf7 42. Rxb7+ Kg6 43. Rb6 Kf7 44. Kf4 h6 45. Rc6 Bd4 46. h3 Bf6
47. Rc5 Kg6 48. Ke4 Bg7 49. Rc6 Kf7 50. Ra6 Bf6 51. Kd3 Bg5 52. Kd4 Bf4 53. Kc5
Kf6 54. Kc6 Kf5 55. Ra5+ e5 56. Kd5 h4 57. Ra8 Bg3 58. Rf8+ Kg6 59. Ke6 e4 60.
Rg8+ Kh7 61. Kf7 e3 62. Rg7+ Kh8 63. Kg6 Bd6 64. Rd7 Bf8 65. Rd8 Kg8 66. Re8 1-0

[Event "Doeberl Cup Premier"]
[Site "Canberra AUS"]
[Date "2011.04.21"]
[Round "6.12"]
[White "Steadman,M"]
[Black "Liu,Yi"]
[Result "0-1"]
[WhiteTitle "FM"]
[WhiteElo "2217"]
[BlackElo "1972"]
[WhiteFideId "4300548"]
[BlackFideId "3210588"]
[EventDate "2011.04.21"]
[EventType "swiss"]

1. d4 e6 2. c4 d5 3. Nc3 c6 4. e3 f5 5. Bd3 Nf6 6. Nge2 Bd6 7. f3 O-O 8. Qc2
dxc4 9. Bxc4 b5 10. Bb3 Kh8 11. Bd2 a5 12. a4 b4 13. Nd1 Qe7 14. Rc1 Ba6 15. Nf2
Nbd7 16. Nd3 Rac8 17. Nc5 Bxc5 18. dxc5 Ne5 19. Nf4 Nd5 20. Bxd5 cxd5 21. h4 Rc6
22. Kf2 Rfc8 23. b3 Rxc5 24. Qb1 Nd7 25. h5 Rxc1 26. Bxc1 Nf6 27. Bb2 e5 28. Nh3
f4 29. exf4 Nxh5 30. Kg1 exf4 31. Nf2 Nf6 32. Ng4 Qc5+ 33. Nf2 Qc2 34. Qa1 Rc6
35. Bd4 Qc1+ 36. Kh2 Qxa1 37. Rxa1 Kg8 38. Nh3 Kf7 39. Nxf4 g5 40. Nh3 h6 41.
Rd1 Nd7 42. Nf2 Rc2 43. Ng4 Be2 44. Re1 Bxf3 45. Nxh6+ Kg6 46. Re6+ Kh5 47. Kg3
Be4 48. Bf2 Nc5 49. Rd6 Rc3+ 50. Kh2 Bg6 51. Rxd5 Ne4 52. Bd4 Kxh6 53. Bxc3 bxc3 0-1

[Event "Doeberl Cup Premier"]
[Site "Canberra AUS"]
[Date "2011.04.21"]
[Round "6.13"]
[White "Zvedeniouk,I"]
[Black "Oliver,G"]
[Result "1-0"]
[WhiteElo "2110"]
[BlackElo "2214"]
[WhiteFideId "3203999"]
[BlackFideId "3203727"]
[EventDate "2011.04.21"]
[EventType "swiss"]

1. e4 c5 2. c3 d5 3. exd5 Qxd5 4. d4 g6 5. Nf3 Bg7 6. Na3 cxd4 7. Nb5 Na6 8.
Nbxd4 Nf6 9. Be2 O-O 10. O-O b6 11. Be3 Bb7 12. a4 Nc5 13. a5 Ng4 14. Bg5 f6 15.
Bh4 e5 16. Nb5 Qf7 17. Nd6 Qc7 18. b4 Ne6 19. Bc4 Bc8 20. axb6 Qc6 1-0

[Event "Doeberl Cup Premier"]
[Site "Canberra AUS"]
[Date "2011.04.21"]
[Round "6.14"]
[White "Schon,E"]
[Black "Goundar,S"]
[Result "1-0"]
[BlackTitle "CM"]
[WhiteElo "2157"]
[BlackElo "1915"]
[WhiteFideId "3205690"]
[BlackFideId "11400110"]
[EventDate "2011.04.21"]
[EventType "swiss"]

1. e4 c5 2. Nf3 Nc6 3. d4 cxd4 4. Nxd4 Nf6 5. Nc3 g6 6. Be3 Bg7 7. Bc4 O-O 8.
Bb3 d6 9. f3 Bd7 10. Qd2 Rc8 11. O-O-O Ne5 12. Kb1 Re8 13. h4 h5 14. Bh6 Nc4 15.
Bxc4 Rxc4 16. Bxg7 Kxg7 17. g4 Rh8 18. g5 Ne8 19. Qd3 Rc5 20. Rhe1 Qc8 21. Nb3
Rc4 22. Nd5 e6 23. Ne3 Rc7 24. f4 Kh7 25. c4 a6 26. Nd4 Ng7 27. Nf3 Bc6 28. Nd4
Bd7 29. Rf1 b5 30. cxb5 e5 31. fxe5 dxe5 32. Nd5 Rf8 33. Nxc7 Qxc7 34. Nc6 Bxc6
35. bxc6 Qxc6 1-0

[Event "Doeberl Cup Premier"]
[Site "Canberra AUS"]
[Date "2011.04.21"]
[Round "6.33"]
[White "Tsagarakis,A"]
[Black "Dale,Ari"]
[Result "0-1"]
[WhiteElo "1915"]
[BlackElo "1902"]
[WhiteFideId "3205851"]
[BlackFideId "3213145"]
[EventDate "2011.04.21"]
[EventType "swiss"]

1. d4 Nf6 2. Nf3 g6 3. Bf4 Bg7 4. e3 O-O 5. Nbd2 d6 6. c3 Nfd7 7. Qc2 Nc6 8. h4
e5 9. Bg5 f6 10. Qb3+ Kh8 11. O-O-O fxg5 12. Nxg5 Qe7 13. Ne6 Na5 14. Qb4 Qxe6
15. Qxa5 Nb6 16. f3 exd4 17. exd4 Qd5 18. Qa3 Be6 19. Bd3 a5 20. Kb1 Bf5 21. Be4
Nc4 22. Nxc4 Qxc4 23. h5 Bxe4+ 24. fxe4 gxh5 25. Rhe1 Rfe8 26. Re3 d5 27. b3 Qb5
28. e5 a4 29. b4 Rf8 30. Qb2 Rf1 31. Rde1 Raf8 32. Qc2 R8f2 33. Qd1 Qc4 0-1

[Event "Doeberl Cup Premier"]
[Site "Canberra AUS"]
[Date "2011.04.24"]
[Round "7.2"]
[White "Bojkov,D"]
[Black "Arutinian,D"]
[Result "1/2-1/2"]
[WhiteTitle "GM"]
[BlackTitle "GM"]
[WhiteElo "2523"]
[BlackElo "2575"]
[WhiteFideId "2904292"]
[BlackFideId "13601741"]
[EventDate "2011.04.21"]
[EventType "swiss"]

1. e4 c6 2. c4 d5 3. cxd5 cxd5 4. exd5 Nf6 5. Nc3 Nxd5 6. Nf3 e6 7. d4 Bb4 8.
Bd2 Nc6 9. Bd3 O-O 10. O-O Be7 11. a3 Bf6 12. Qe2 h6 13. Rad1 Nce7 14. Ne5 Qb6
15. Nc4 Qd8 16. Ne5 Qb6 17. Nc4 Qd8 18. Ne5 Qb6 1/2-1/2

[Event "Doeberl Cup Premier"]
[Site "Canberra AUS"]
[Date "2011.04.24"]
[Round "7.6"]
[White "Solomon,SJ"]
[Black "Stojic,D"]
[Result "0-1"]
[WhiteTitle "IM"]
[BlackTitle "FM"]
[WhiteElo "2398"]
[BlackElo "2306"]
[WhiteFideId "3200043"]
[BlackFideId "3203689"]
[EventDate "2011.04.21"]
[EventType "swiss"]

1. d4 Nf6 2. c4 g6 3. Nc3 Bg7 4. e4 d6 5. Nf3 O-O 6. Be2 c5 7. O-O Bg4 8. Be3
Nfd7 9. d5 Na6 10. h3 Bxf3 11. Bxf3 Nc7 12. Be2 Re8 13. h4 a6 14. a4 e6 15. Bg5
Nf6 16. Qd2 exd5 17. exd5 Qd7 18. Rfe1 Ne4 19. Nxe4 Rxe4 20. Bd3 Rxe1+ 21. Rxe1
Re8 22. b3 Be5 23. g3 b5 24. a5 b4 25. Kg2 Bc3 26. Rxe8+ Qxe8 27. Qf4 Qe5 28.
Qf3 Ne8 29. g4 Kg7 30. Bf4 Qe1 31. g5 Be5 32. h5 Bxf4 33. Qxf4 Qc3 34. Qe4 Kf8
35. Bc2 Qe5 36. Qxe5 dxe5 37. h6 f6 38. gxf6 Kf7 39. Bd1 Kxf6 40. Bg4 Nd6 41.
Bd7 Nb7 42. Ba4 Nxa5 43. d6 Nb7 44. d7 Nd8 45. Kf3 Kf5 46. Ke3 g5 47. f3 Kf6 48.
Ke4 Ke6 49. Kd3 Nf7 50. Bc6 Ke7 51. Ke4 Nxh6 52. Kd5 Nf5 53. Kxc5 Nd4 54. Kb6
Kd8 55. c5 h5 56. Be4 h4 57. c6 Nxc6 58. Kxc6 h3 59. Kd5 h2 60. f4 exf4 61. Ke5
a5 62. Kf5 a4 63. bxa4 Kxd7 64. Kg4 f3 65. Bxf3 b3 0-1

[Event "Doeberl Cup Premier"]
[Site "Canberra AUS"]
[Date "2011.04.24"]
[Round "7.7"]
[White "Liu,Yi"]
[Black "Schon,E"]
[Result "0-1"]
[WhiteElo "1972"]
[BlackElo "2157"]
[WhiteFideId "3210588"]
[BlackFideId "3205690"]
[EventDate "2011.04.21"]
[EventType "swiss"]

1. d4 d5 2. c4 e6 3. Nc3 c6 4. e4 dxe4 5. Nxe4 Bb4+ 6. Bd2 Qxd4 7. Bxb4 Qxe4+ 8.
Be2 Nd7 9. Qd2 Ne7 10. f3 Qh4+ 11. g3 Qf6 12. O-O-O e5 13. f4 O-O 14. Nf3 exf4
15. gxf4 Re8 16. Rhg1 Qh6 17. Rg2 Ng6 18. Rdg1 Nf6 19. Bd3 Bh3 20. Rg5 Nh5 21.
f5 Ngf4 22. f6 Nxd3+ 23. Kb1 Qxf6 24. Qxd3 Rad8 25. Qc3 Bf5+ 26. Ka1 Bg6 27. Ne5
Qxg5 0-1

[Event "Doeberl Cup Premier"]
[Site "Canberra AUS"]
[Date "2011.04.24"]
[Round "7.9"]
[White "Morris,J"]
[Black "Akshat,Kh"]
[Result "0-1"]
[WhiteTitle "IM"]
[BlackTitle "FM"]
[WhiteElo "2227"]
[BlackElo "2328"]
[WhiteFideId "3205800"]
[BlackFideId "5016541"]
[EventDate "2011.04.21"]
[EventType "swiss"]

1. e4 c5 2. Nf3 g6 3. d4 Bg7 4. d5 d6 5. c4 Nf6 6. Nc3 O-O 7. Be2 b5 8. cxb5 a6
9. bxa6 Bxa6 10. O-O Nfd7 11. Re1 Nb6 12. Bf4 Nc4 13. Qb3 Na5 14. Qc2 Nd7 15. b3
Bxe2 16. Rxe2 Qb8 17. Rb1 Qb4 18. Bd2 c4 19. Nd1 cxb3 20. Bxb4 bxc2 21. Rxc2
Rfb8 22. a3 Nb7 23. Rc7 Nbc5 24. Nd2 Nf6 25. Bxc5 dxc5 26. Rxe7 Rxb1 27. Nxb1
Bf8 28. Rc7 Nxe4 29. f3 Nf6 30. Nbc3 Rxa3 31. Kf2 Kg7 32. Ke2 Bd6 33. Rc6 Bxh2
34. Rxc5 h5 35. Kd3 h4 36. Kc4 Nd7 37. Rb5 Ra7 38. Ne4 Rc7+ 39. Kd3 f5 40. Ng5
Kf6 41. Ne6 Ra7 42. f4 Ke7 43. Ne3 Nf6 44. Nd4 Ra3+ 45. Ke2 Bxf4 46. Rb7+ Ke8
47. Nec2 Ra4 48. Kd3 Nxd5 49. Ne6 Ra6 50. Nc5 Ra2 51. Nd4 Ne7 52. Nce6 Bg3 53.
Nb3 Ra6 54. Ng5 Bf2 55. Nf3 Rd6+ 56. Kc4 Rc6+ 57. Kb5 Rc2 58. Na5 Bg3 59. Nd4
Rxg2 60. Ndc6 Nxc6 61. Kxc6 Rc2+ 62. Kd5 Rd2+ 0-1

[Event "Doeberl Cup Premier"]
[Site "Canberra AUS"]
[Date "2011.04.24"]
[Round "7.10"]
[White "Dragicevic,Do"]
[Black "Sandler,L"]
[Result "1/2-1/2"]
[BlackTitle "IM"]
[WhiteElo "2194"]
[BlackElo "2303"]
[WhiteFideId "3203328"]
[BlackFideId "3201805"]
[EventDate "2011.04.21"]
[EventType "swiss"]

1. e4 c5 2. Nc3 Nc6 3. g3 g6 4. Bg2 Bg7 5. d3 d6 6. Be3 e5 7. Qd2 Rb8 8. f4 Nge7
9. Nf3 Nd4 10. O-O O-O 11. Nd1 Bg4 12. c3 Bxf3 13. Bxf3 exf4 14. Bxf4 Ne6 15.
Bh6 1/2-1/2

[Event "Doeberl Cup Premier"]
[Site "Canberra AUS"]
[Date "2011.04.24"]
[Round "7.15"]
[White "Dowden,A"]
[Black "Wallis,C"]
[Result "0-1"]
[BlackTitle "FM"]
[WhiteElo "2120"]
[BlackElo "2305"]
[WhiteFideId "4300572"]
[BlackFideId "3204839"]
[EventDate "2011.04.21"]
[EventType "swiss"]

1. c4 e5 2. g3 c6 3. d4 e4 4. Nc3 d5 5. Bg2 Nf6 6. cxd5 cxd5 7. f3 Bb4 8. Bg5
Nc6 9. fxe4 dxe4 10. e3 O-O 11. Ne2 h6 12. Bxf6 Qxf6 13. Rc1 Re8 14. a3 Bxc3+
15. Nxc3 Qg5 16. Qe2 Nxd4 0-1

[Event "Doeberl Cup Premier"]
[Site "Canberra AUS"]
[Date "2011.04.24"]
[Round "8.3"]
[White "Cheng,Bo"]
[Black "Hansen,SuB"]
[Result "1/2-1/2"]
[WhiteTitle "FM"]
[BlackTitle "GM"]
[WhiteElo "2345"]
[BlackElo "2603"]
[WhiteFideId "4300033"]
[BlackFideId "1400266"]
[EventDate "2011.04.21"]
[EventType "swiss"]

1. d4 d5 2. c4 c6 3. Nf3 Nf6 4. e3 Bg4 5. Qb3 Qb6 6. Ne5 Bf5 7. cxd5 Qxb3 8.
axb3 Nxd5 9. Bd3 Bxd3 10. Nxd3 e6 11. Bd2 Nd7 12. Na3 f5 13. b4 Bd6 14. Nc4 Bc7
15. O-O O-O 16. Rfe1 N5f6 17. Bc3 a6 18. f3 b6 19. Ra2 Ra7 20. Rea1 Rfa8 21.
Nce5 Bxe5 22. Nxe5 Nxe5 23. dxe5 Nd5 24. Bd2 c5 25. bxc5 bxc5 26. Ra5 Rb7 27.
Bc3 Nxe3 28. Rxa6 Rxa6 29. Rxa6 Kf7 30. Rc6 c4 31. Kf2 f4 32. Ke2 g5 33. Bd4 h5
34. h3 Nf5 35. Bc3 Ne3 36. Bd4 Nf5 37. Bc3 Ne3 1/2-1/2

[Event "Doeberl Cup Premier"]
[Site "Canberra AUS"]
[Date "2011.04.24"]
[Round "8.4"]
[White "Arutinian,D"]
[Black "Stojic,D"]
[Result "1-0"]
[WhiteTitle "GM"]
[BlackTitle "FM"]
[WhiteElo "2575"]
[BlackElo "2306"]
[WhiteFideId "13601741"]
[BlackFideId "3203689"]
[EventDate "2011.04.21"]
[EventType "swiss"]

1. c4 c5 2. Nc3 g6 3. Nf3 Bg7 4. g3 Nc6 5. Bg2 d6 6. a3 e5 7. d3 Nge7 8. O-O O-O
9. Bd2 h6 10. Rb1 a5 11. Ne1 Be6 12. Nc2 d5 13. cxd5 Nxd5 14. Ne3 Nde7 15. Na4
b6 16. b4 cxb4 17. axb4 axb4 18. Bxb4 Rb8 19. Bxc6 Nxc6 20. Bxf8 Bxf8 21. Nc3
Bc5 22. Ne4 Be7 23. Rb5 f5 24. Nc3 Qd4 25. Ned5 e4 26. Nxe7+ Nxe7 27. dxe4 Qxc3
28. Qd6 1-0

[Event "Doeberl Cup Premier"]
[Site "Canberra AUS"]
[Date "2011.04.24"]
[Round "8.5"]
[White "Schon,E"]
[Black "Goh Weiming"]
[Result "1-0"]
[BlackTitle "IM"]
[WhiteElo "2157"]
[BlackElo "2382"]
[WhiteFideId "3205690"]
[BlackFideId "5800706"]
[EventDate "2011.04.21"]
[EventType "swiss"]

1. c4 e5 2. g3 c6 3. d4 e4 4. Nc3 d5 5. Bg2 h6 6. f3 exf3 7. Nxf3 Nf6 8. O-O
dxc4 9. Ne5 Be6 10. e4 Nbd7 11. Bf4 Qb6 12. Na4 Qa5 13. Nxd7 Bxd7 14. b3 Be6 15.
Qc2 cxb3 16. axb3 Qb4 17. d5 cxd5 18. exd5 Nxd5 19. Rae1 Be7 20. Re4 Rc8 21. Qb2
Bf6 22. Rxb4 Bxb2 23. Bxd5 Bxd5 24. Re1+ Kd7 25. Rd1 Ke6 26. Nxb2 Rc2 27. Rd2
Rhc8 28. Nc4 Rxd2 29. Bxd2 f5 30. Ne3 Be4 31. Rd4 Rc7 32. Kf2 b6 33. h4 g5 34.
h5 Bb7 35. Rd8 f4 36. gxf4 gxf4 37. Nc4 Kf5 38. Rd4 Ke6 39. Bxf4 Rc5 40. Rd6+
Kf5 41. Kg3 Ba6 42. Ne3+ Ke4 43. Rxh6 Kd4 44. Rh7 Bd3 45. Rd7+ Kc3 46. h6 Be4
47. b4 Rh5 48. Kg4 Rh1 49. b5 Bd3 50. Rxa7 Kb4 51. Kg5 Kxb5 52. Nf5 Rg1+ 53. Kf6
Rh1 54. h7 Rh5 55. Bg5 Kb4 56. Kg6 Rh1 57. Rf7 1-0

[Event "Doeberl Cup Premier"]
[Site "Canberra AUS"]
[Date "2011.04.24"]
[Round "8.6"]
[White "Akshat,Kh"]
[Black "Ly,Mo"]
[Result "1-0"]
[WhiteTitle "FM"]
[BlackTitle "FM"]
[WhiteElo "2328"]
[BlackElo "2381"]
[WhiteFideId "5016541"]
[BlackFideId "3204405"]
[EventDate "2011.04.21"]
[EventType "swiss"]

1. d4 Nf6 2. c4 g6 3. Nc3 Bg7 4. e4 O-O 5. Be2 d6 6. Bg5 a6 7. Qd2 Nbd7 8. h4 c5
9. d5 b5 10. cxb5 axb5 11. Bxb5 Qa5 12. Nge2 Ne5 13. O-O Ba6 14. Bxa6 Qxa6 15.
Rab1 Rfe8 16. b4 cxb4 17. Rxb4 Nfg4 18. Rfb1 Qa7 19. Nd4 Rac8 20. Ncb5 Qc5 21.
Qe2 e6 22. Nc6 Nxc6 23. dxc6 h5 24. c7 d5 25. Be3 Qe7 26. g3 Be5 27. Bb6 f5 28.
exd5 exd5 29. Qd3 Nf6 30. Na7 Rxc7 31. Bxc7 Qxc7 32. Rb7 Qc5 33. Qb5 Qc2 34. Nc6
Bd6 35. Nd4 Qd2 36. Nf3 Qxa2 37. Qc6 Rd8 38. Qc3 Qxf2+ 39. Kxf2 Ne4+ 40. Kg2
Nxc3 41. Ra1 Re8 42. Raa7 Bf8 43. Ra6 Re2+ 44. Kf1 Re7 45. Rxg6+ Rg7 46. Rgxg7+
Bxg7 47. Ng5 Be5 48. Kg2 d4 49. Nf3 Bf6 50. Rd7 Kf8 51. Ne1 f4 52. gxf4 Bxh4 53.
Nf3 Bf6 54. Nxd4 Ke8 55. Rd6 Kf7 56. Kf3 h4 57. Ne2 Nb5 58. Rb6 Na3 59. Kg4 Nc4
60. Rb7+ Ke6 61. f5+ Kd6 62. Rb3 Kc6 63. Nf4 Nd2 64. Re3 1-0

[Event "Doeberl Cup Premier"]
[Site "Canberra AUS"]
[Date "2011.04.25"]
[Round "9"]
[White "Hansen,SuB"]
[Black "Schon,E"]
[Result "1-0"]
[WhiteTitle "GM"]
[WhiteElo "2603"]
[BlackElo "2157"]
[WhiteFideId "1400266"]
[BlackFideId "3205690"]
[EventDate "2011.04.21"]
[EventType "swiss"]

1. e4 e5 2. Nf3 Nc6 3. Bc4 Nf6 4. d3 Be7 5. O-O O-O 6. Bb3 d5 7. exd5 Nxd5 8. h3
a5 9. a3 Nd4 10. Nxd4 exd4 11. Nd2 Be6 12. Re1 h6 13. Nf3 a4 14. Bc4 Bf6 15. Ne5
Re8 16. Bd2 c6 17. Qf3 Nc7 18. Ng4 Bg5 19. Bxg5 Qxg5 20. Re5 Qd8 21. Bxe6 Rxe6
22. Rae1 Qe7 23. Qg3 Kh7 24. f4 f5 25. Rxe6 Nxe6 26. Ne5 Qf6 27. h4 Re8 28. h5
Nf8 29. Re2 Re6 30. Qf2 Qd8 31. Kf1 Qd5 32. Qh4 Nd7 33. Qh3 Rf6 34. Ng6 Nf8 35.
Re5 Qa2 36. Rxf5 Qb1+ 37. Kf2 Qxc2+ 38. Kg1 Qd1+ 39. Kh2 Nxg6 40. Rxf6 gxf6 41.
Qf5 Qe1 42. Qxg6+ Kh8 43. Qxh6+ Kg8 44. Qg6+ Kf8 45. Qxf6+ Kg8 46. h6 1-0

[Event "Doeberl Cup Premier"]
[Site "Canberra AUS"]
[Date "2011.04.25"]
[Round "9.1"]
[White "Smerdon,D"]
[Black "Bojkov,D"]
[Result "1/2-1/2"]
[WhiteTitle "GM"]
[BlackTitle "GM"]
[WhiteElo "2512"]
[BlackElo "2523"]
[WhiteFideId "3202305"]
[BlackFideId "2904292"]
[EventDate "2011.04.21"]
[EventType "swiss"]

1. e4 e5 2. Nf3 Nc6 3. d4 exd4 4. Bc4 Nf6 5. e5 Ne4 6. Qe2 Nc5 7. O-O Be7 8. Rd1
d5 9. exd6 Qxd6 10. b4 Ne6 11. b5 Ncd8 12. Ba3 Qb6 13. Bxe7 Kxe7 14. Nxd4 Re8
15. Nb3 Kf8 16. Qh5 h6 17. g3 Ng5 18. Bf1 1/2-1/2

[Event "Doeberl Cup Premier"]
[Site "Canberra AUS"]
[Date "2011.04.25"]
[Round "9.8"]
[White "Stojic,D"]
[Black "Liu,Yi"]
[Result "1-0"]
[WhiteTitle "FM"]
[WhiteElo "2306"]
[BlackElo "1972"]
[WhiteFideId "3203689"]
[BlackFideId "3210588"]
[EventDate "2011.04.21"]
[EventType "swiss"]

1. e4 e6 2. d4 d5 3. e5 c5 4. c3 Qb6 5. Nf3 Bd7 6. a3 cxd4 7. cxd4 Bb5 8. Bxb5+
Qxb5 9. Nc3 Qa6 10. Ne2 Bb4+ 11. Bd2 Bxd2+ 12. Qxd2 Ne7 13. O-O O-O 14. Nf4 Nd7
15. Nh5 Rac8 16. h4 Ng6 17. Nxg7 Kxg7 18. h5 Rc6 19. g3 Rfc8 20. hxg6 hxg6 21.
Kg2 Rc2 22. Qf4 f6 23. Rh1 Rg8 24. Rh7+ Kxh7 25. exf6 Rf8 26. Qh6+ Kxh6 27. Rh1# 1-0